|
|
|
|
| LEADER |
01170nam a22002777a 4500 |
| 001 |
35845 |
| 003 |
BD-DhAAL |
| 005 |
20211205123157.0 |
| 008 |
191105t2005 ii a|||| b||| 001 0 eng d |
| 999 |
|
|
|c 41758
|d 41758
|
| 020 |
|
|
|a 9788176489478
|
| 020 |
|
|
|a 8176489476
|
| 040 |
|
|
|a BD-DhAAL
|
| 082 |
|
|
|a 370.117
|2 23
|
| 100 |
|
|
|a Singh, Yogesh Kumar
|9 36779
|
| 245 |
|
|
|a Value education :
|b modified syllabus of Indian Universities/B. Ed. training institutes & colleges/department of education /
|c Yogesh Kumar Singh ; edited by Ruchika Nath
|
| 260 |
|
|
|a New Delhi :
|b A.P.H. Publishing Corporation,
|c 2005
|
| 300 |
|
|
|a 349 pages :
|b illustrations ;
|c 23 cm
|
| 504 |
|
|
|a Includes bibliographical references (page [333]-342) and index.
|
| 526 |
|
|
|a BIED
|
| 541 |
|
|
|a Complimentary copy from BIED
|e 35845
|
| 650 |
|
|
|a Education
|x Textbook.
|9 36780
|
| 700 |
|
|
|a Nath, Ruchika
|9 36783
|
| 852 |
|
|
|a Ayesha Abed Library
|c BIED Collection
|
| 942 |
|
|
|2 ddc
|c BK
|
| 952 |
|
|
|0 0
|1 0
|2 ddc
|4 0
|6 370_117000000000000_SIN
|7 0
|9 67018
|a BRACUL
|b BRACUL
|c GEN
|d 2019-11-05
|e Complimentary copy from BIED
|l 0
|o 370.117 SIN
|p 3010035845
|r 2019-11-05
|t 1
|w 2019-11-05
|y BK
|x Transferred from BIED to General Stacks
|